|
|
|
|
| LEADER |
00000nab#a22000007a#4500 |
| 001 |
arbauad004606 |
| 003 |
AR-BaUAD |
| 005 |
20250711110641.0 |
| 008 |
940701|||||||||###||||||b###|0###a|spa|| |
| 040 |
|
|
|a AR-BaUAD
|c AR-BaUAD
|b spa
|
| 100 |
|
|
|a Shakespear, Raúl
|
| 245 |
|
|
|a Eduardo Cánovas :
|b los primeros veinte años de gestión de un pionero del diseño gráfico argentino /
|c Raúl Shakespear; Ronald Shakespear;
|
| 300 |
0 |
|
|b fot., il.
|
| 653 |
|
|
|a DISEÑO GRAFICO
|
| 653 |
|
|
|a HISTORIA
|
| 653 |
|
|
|a DISEÑADORES GRAFICOS
|
| 653 |
|
|
|a SIGLO XX
|
| 653 |
|
|
|a CANOVAS, EDUARDO
|
| 653 |
|
|
|a ARGENTINA
|
| 653 |
|
|
|a LOGOTIPOS
|
| 700 |
1 |
|
|a Shakespear, Ronald
|
| 773 |
0 |
|
|t SUMMA
|g no. 173 [abr. 1982], p. 70-72
|
| 942 |
|
|
|c ARTI
|
| 952 |
|
|
|0 0
|1 0
|4 0
|7 0
|9 49526
|a AR-BAuAD
|b AR-BAuAD
|d 2025-07-11
|l 0
|p AAQA004606
|r 2025-07-11 11:06:41
|w 2025-07-11
|y ARTI
|
| 990 |
|
|
|a DG198
|b TD
|
| 998 |
|
|
|a AAQ
|b BIBUN76
|
| 999 |
|
|
|c 29199
|d 29199
|